00669nam a2200229 a 4500999001300000001000600013003000900019005001700028008004100045010001700086040003800103082001500141100002100156245004600177260004600223300003400269504005100303650002600354650002900380651001800409942001200427 c796d79615339BD-DhUAP20200128105509.0200128s2008 enka b 001 0 eng d a 93024674  aBD-DhUAPcBD-DhUAPdBD-DhUAPbEng00a305.42223 aGonsalves, Lina.10aWomen and human rights /cLina Gonsalves. aNew Delhi :bA. P. H. Publishing,cc2008. axiv, 162 p. :bill. ;c24 cm. aIncludes bibliographical references and index. 0aWomen's rightszIndia 0aWomenxSocial conditions aHuman rights. 2ddccBK